书目信息 |
| 题名: |
包家山隧道修建技术与创新
|
|
| 作者: | 杨育生 主编 | |
| 分册: | ||
| 出版信息: | 北京 人民交通出版社 2014.08 |
|
| 页数: | 240页 | |
| 开本: | 26cm | |
| 丛书名: | 交通运输建设科技丛书 | |
| 单 册: | ||
| 中图分类: | U459.2 | |
| 科图分类: | ||
| 主题词: | 高速公路--gao su gong lu--公路隧道--隧道施工--陕西 | |
| 电子资源: | ||
| ISBN: | 978-7-114-10447-3 | |
| 000 | 01553nam 2200301 450 | |
| 001 | CAL 0020142004917 | |
| 005 | 20150803151219.71 | |
| 010 | @a978-7-114-10447-3@dCNY55.00 | |
| 100 | @a20141120d2014 em y0chiy50 ea | |
| 101 | 0 | @achi |
| 102 | @aCN@b110000 | |
| 105 | @aak a 000yy | |
| 106 | @ar | |
| 200 | 1 | @a包家山隧道修建技术与创新@Abao jia shan sui dao xiu jian ji shu yu chuang xin@d= The construction technology and innovation of Baojiashan tunnel@f主编杨育生@zeng |
| 210 | @a北京@c人民交通出版社@d2014.08 | |
| 215 | @a240页@c彩图@d26cm | |
| 225 | 2 | @a交通运输建设科技丛书@Ajiao tong yun shu jian she ke ji cong shu@i公路基础设施建设与养护 |
| 300 | @a“十二五”国家重点图书出版规划项目 | |
| 320 | @a有书目 (第240页) | |
| 330 | @a全书共分四篇, 第一篇介绍了本隧道的基本情况、技术标准、建设亮点及对中国公路隧道的影响 ; 第二篇介绍了隧道的地质勘察技术、设计理念、取得的经验及教训, 并对我国公路超长山岭隧道勘察设计技术提出新的建议与展望 ; 第三篇隧道修建技术涵盖了软弱围岩快速施工技术、辅助坑道施工技术、施工机械化配套技术、施工灾害控制技术、施工通风技术等 ; 第四篇隧道建设管理, 全面介绍了包家山隧道的建设管理体系, 质量、安全、进度、投资管理诸方面及科技支撑作用等。 | |
| 410 | 0 | @12001 @a交通运输建设科技丛书@i公路基础设施建设与养护 |
| 510 | 1 | @aConstruction technology and innovation of Baojiashan tunnel@zeng |
| 586 | @a | |
| 606 | 0 | @a高速公路@Agao su gong lu@x公路隧道@x隧道施工@y陕西 |
| 690 | @aU459.2@v5 | |
| 701 | 0 | @a杨育生@Ayang yu sheng@4主编 |
| 801 | 0 | @aCN@c20150820 |
| 905 | @a河南城建学院图书馆@dU459.2@eY320@f3 | |
| 包家山隧道修建技术与创新= The construction technology and innovation of Baojiashan tunnel/主编杨育生.-北京:人民交通出版社,2014.08 |
| 240页:彩图;26cm.-(交通运输建设科技丛书.公路基础设施建设与养护) |
| “十二五”国家重点图书出版规划项目 |
| ISBN 978-7-114-10447-3:CNY55.00 |
| 全书共分四篇, 第一篇介绍了本隧道的基本情况、技术标准、建设亮点及对中国公路隧道的影响 ; 第二篇介绍了隧道的地质勘察技术、设计理念、取得的经验及教训, 并对我国公路超长山岭隧道勘察设计技术提出新的建议与展望 ; 第三篇隧道修建技术涵盖了软弱围岩快速施工技术、辅助坑道施工技术、施工机械化配套技术、施工灾害控制技术、施工通风技术等 ; 第四篇隧道建设管理, 全面介绍了包家山隧道的建设管理体系, 质量、安全、进度、投资管理诸方面及科技支撑作用等。 |
| ● |
| 相关链接 |
|
|
|
正题名:包家山隧道修建技术与创新
索取号:U459.2/Y320
 
预约/预借
| 序号 | 登录号 | 条形码 | 馆藏地/架位号 | 状态 | 备注 |
| 1 | 1161578 | 211615787 | 土木与交通工程学院资料室/土木与交通学院资料室 1排1列1层/ [索取号:U459.2/Y320] | 在馆 | |
| 2 | 1161579 | 211615796 | 自科库501/501自科库 85排2列2层/ [索取号:U459.2/Y320] | 在馆 | |
| 3 | 1161580 | 211615803 | 自科库501/501自科库 85排2列2层/ [索取号:U459.2/Y320] | 在馆 |